000 01089nam a22002057a 4500
999 _c60340
_d60340
003 Ge_BSU
005 20230630115243.0
008 230630s2007 ge ||||| |||| 00| 0 geo d
020 _a9789994064175
041 _ageo
080 _a821.14'01-22 ა-81
100 _aარისტოფანე
_918999
245 _aკომედიები. ტ. 3, მშვიდობა. ფრინველები /
_cარისტოფანე; თარგმანი და კომენტარები ლევან ბერძენიშვილისა; [რედ. და გამომც.: ლაშა ბერაია]
264 _aთბილისი :
_bლოგოს-პრესი,
_c[2007].
300 _a215 გვ.;
_b21 სმ.
490 _aანტიკური ლიტერატურის შედევრები
700 _aბერძენიშვილი, ლევან
_eმთარგმნელი
_916982
700 _aბერაია, ლაშა
_eრედაქტორი
_919106
942 _2udc
_cBK